[Event "ICS rated blitz match"]
[Site "204.178.125.65"]
[Date "2000.02.01"]
[Round "?"]
[White "bibo"]
[Black "Hossa"]
[Result "1/2-1/2"]
[WhiteElo "2038"]
[BlackElo "2225"]
[PlyCount "140"]

1. e4 e5 2. f4 exf4 3. Bc4 Qh4+ 4. Kf1 Ne7 5. Nf3 Qh5 6. Nc3 d6 7. d3 g5 8. h4
Bg4 9. Kf2 Bg7 10. Nb5 Na6 11. hxg5 Bxf3 12. gxf3 Qxg5 13. Qg1 Qg6 14. Bxf4
Bxb2 15. Re1 Qf6 16. Qg5 Qxg5 17. Bxg5 Nc6 18. e5 Bxe5 19. f4 Kd7 20. fxe5 Nxe5
21. Bb3 h5 22. Ke2 c6 23. Nd4 Rag8 24. Bf6 Rh7 25. Bxe5 dxe5 26. Nf3 Kd6 27.
Nh4 Rg4 28. Ref1 Ke7 29. Nf5+ Kd7 30. Ne3 Rf4 31. Rxf4 exf4 32. Ng4 Ke7 33. Ne5
Kf6 34. d4 Nc7 35. Nxf7 Nb5 36. Kd3 Rxf7 37. Bxf7 Kxf7 38. c4 Nd6 39. Rxh5 Kg6
40. Rh1 a6 41. a4 Kf5 42. c5 Ne4 43. Rh7 Nf2+ 44. Ke2 Ng4 45. Kf3 Ne3 46. Rxb7
Nc2 47. d5 Nd4+ 48. Kf2 cxd5 49. Rb6 a5 50. c6 Ke6 51. c7+ Kd7 52. Rf6 Kxc7 53.
Rxf4 Nb3 54. Ke3 d4+ 55. Kd3 Nc5+ 56. Kxd4 Ne6+ 57. Ke5 Nxf4 58. Kxf4 Kd6 59.
Ke3 Ke5 60. Kd3 Kd5 61. Kc3 Ke5 62. Kc4 Ke4 63. Kb5 Kd5 64. Kxa5 Kc6 65. Ka6
Kc7 66. Ka7 Kc8 67. a5 Kc7 68. a6 Kc8 69. Ka8 Kc7 70. a7 Kc8 1/2-1/2

[Event "ICS rated blitz match"]
[Site "204.178.125.65"]
[Date "2000.02.01"]
[Round "?"]
[White "Hossa"]
[Black "MissSilicon"]
[Result "1-0"]
[WhiteElo "2217"]
[BlackElo "2498"]
[PlyCount "223"]

1. e4 e5 2. Nf3 Nc6 3. Bb5 Bc5 4. O-O Nd4 5. Nxd4 Bxd4 6. c3 Bb6 7. Na3 c6 8.
Ba4 Nf6 9. Nc4 O-O 10. d4 Nxe4 11. Nxb6 Qxb6 12. dxe5 Re8 13. Qd4 d5 14. Bc2
Bf5 15. Qxb6 axb6 16. Re1 Ng3 17. Bd1 Ne4 18. Bc2 Ng3 19. Bd1 Ne4 20. Bc2 Kh8
21. f3 Nd6 22. Bg5 Bxc2 23. exd6 Bf5 24. g4 Be6 25. a3 f6 26. Be3 b5 27. Bb6 f5
28. g5 Kg8 29. Kg2 Kf7 30. Rad1 Ra4 31. Rd2 Ra6 32. Be3 Ra4 33. Rde2 Raa8 34.
Bb6 g6 35. Kg3 Rab8 36. h3 Ra8 37. f4 Rab8 38. Kf3 Ra8 39. Re3 Rab8 40. R1e2
Ra8 41. Re5 Rab8 42. Kg3 Ra8 43. R5e3 Rab8 44. Re1 Ra8 45. h4 Rab8 46. Kf3 Ra8
47. R1e2 Rab8 48. Re5 Ra8 49. Re1 Rab8 50. R5e2 Ra8 51. Kg3 Rab8 52. Re5 Ra8
53. R1e2 Rab8 54. R2e3 Ra8 55. Kg2 Rab8 56. Re2 Ra8 57. Re1 Rab8 58. R5e2 Ra8
59. Re3 Rab8 60. R1e2 Ra8 61. Kg3 Rab8 62. Kf2 Ra8 63. Kg1 Rab8 64. Kh2 Ra8 65.
Re1 Rab8 66. Kg2 Ra8 67. Kh3 Rab8 68. R3e2 Ra8 69. Re5 Rab8 70. R1e3 Ra8 71.
Re2 Rab8 72. R5e3 Ra8 73. Bc7 c5 74. Bb6 c4 75. Kg3 Rab8 76. Kf3 Ra8 77. Re5
Rab8 78. Ke3 Bd7 79. Kd4 Bc6 80. Re7+ Kf8 81. Kc5 Rbc8 82. R2e3 Rb8 83. R3e5
Rxe7 84. Rxe7 d4 85. cxd4 Rc8 86. Rxh7 Kg8 87. Re7 Kf8 88. Bc7 Ra8 89. d5 Be8
90. Kb6 c3 91. bxc3 Rxa3 92. d7 Bxd7 93. Rxd7 Rxc3 94. Bd6+ Kg8 95. Rd8+ Kf7
96. Rf8+ Kg7 97. Rb8 Rd3 98. Kc5 b6+ 99. Rxb6 Kf7 100. Be5 Rh3 101. Rf6+ Ke8
102. Rxg6 Rxh4 103. Re6+ Kd7 104. Rh6 Rxh6 105. gxh6 b4 106. Kxb4 Kd8 107. h7
Ke7 108. h8=Q Kf7 109. Qh7+ Ke8 110. Qg8+ Kd7 111. Bd6 Kxd6 112. Qd8# 1-0

[Event "ICS Rated blitz match"]
[Site "204.178.125.65"]
[Date "2000.02.01"]
[Round "?"]
[White "janderson"]
[Black "Hossa"]
[Result "1-0"]
[WhiteElo "2208"]
[BlackElo "2244"]
[PlyCount "115"]

1. d4 Nf6 2. c4 e6 3. Nc3 Bb4 4. Qc2 O-O 5. a3 Bxc3+ 6. Qxc3 b6 7. Bg5 Bb7 8.
Nf3 c5 9. dxc5 bxc5 10. Bxf6 gxf6 11. Nd2 d6 12. Rd1 Kh8 13. Nb3 Na6 14. Na5
Rb8 15. Nxb7 Rxb7 16. g3 Rb6 17. Bg2 Kg8 18. b3 f5 19. h3 Qg5 20. e3 Qg7 21.
Qc2 Rfb8 22. Rb1 Qg6 23. Qd3 f4 24. e4 fxg3 25. Rg1 gxf2+ 26. Kxf2 Qf6+ 27. Ke2
Qe5 28. Bh1+ Kh8 29. Rgf1 f5 30. Kd2 Qd4 31. Qxd4+ cxd4 32. b4 fxe4 33. Bxe4
Rc8 34. Rf7 Rc7 35. Rbf1 d5 36. cxd5 h5 37. R1f6 exd5 38. Bxd5 Rc8 39. Rf5 Rh6
40. Rxa7 Nc7 41. a4 h4 42. b5 Rh7 43. Bf7 Na8 44. a5 Rf8 45. Kd3 Rd8 46. Rd5
Rf8 47. Rdd7 Rc8 48. b6 Nxb6 49. axb6 Rb8 50. b7 Kg7 51. Ra8 Kf6 52. Ra6+ Ke5
53. Rd5+ Kf4 54. Rf6+ Kg3 55. Rg5+ Kxh3 56. Be6+ Kh2 57. Rf2+ Kh1 58. Bd5# 1-0

[Event "ICS rated blitz match"]
[Site "204.178.125.65"]
[Date "2000.02.01"]
[Round "?"]
[White "Candu"]
[Black "Hossa"]
[Result "0-1"]
[WhiteElo "2040"]
[BlackElo "2226"]
[PlyCount "146"]

1. e4 e5 2. Nf3 Nc6 3. Bb5 Nf6 4. O-O Bc5 5. d3 d6 6. c3 O-O 7. Nbd2 a6 8. Ba4
b5 9. Bc2 d5 10. exd5 Qxd5 11. Ne4 Be7 12. h3 Bf5 13. Re1 Rad8 14. Qe2 Bg6 15.
Bg5 Nxe4 16. dxe4 Qc5 17. Be3 Qc4 18. Qxc4 bxc4 19. Nd2 f6 20. Nxc4 Bf7 21. Bb3
Rd3 22. Rad1 Rdd8 23. Nd2 Rd3 24. Bxf7+ Kxf7 25. Nb3 Rfd8 26. Rxd3 Rxd3 27. Kf1
g6 28. Ke2 Rd8 29. Rd1 Rxd1 30. Kxd1 f5 31. exf5 gxf5 32. Ke2 a5 33. f3 h5 34.
Nc5 h4 35. Nd3 Bf6 36. Bc5 Ke6 37. Nc1 Bg5 38. Be3 Be7 39. Nb3 Kd5 40. Nd2 Bf6
41. b3 e4 42. c4+ Ke5 43. fxe4 fxe4 44. Bc5 Kf4 45. Be3+ Ke5 46. Bc5 Kf4 47.
Bf2 Nd4+ 48. Kf1 e3 49. Be1 exd2 50. Bxd2+ Ke4 51. Bxa5 c6 52. Kf2 Be5 53. Bb6
Bg3+ 54. Kf1 Kd3 55. Bxd4 Kxd4 56. Ke2 Kc3 57. Kf3 Kb4 58. Ke4 Ka3 59. Kd4 Bf2+
60. Kc3 Be1+ 61. Kd4 Kxa2 62. Kc5 Kxb3 63. Kxc6 Kxc4 64. Kd6 Kd3 65. Ke5 Ke3
66. Kd5 Bg3 67. Kc4 Kf2 68. Kd3 Kxg2 69. Ke2 Bf2 70. Kd3 Kxh3 71. Ke2 Kg3 72.
Kf1 h3 73. Ke2 h2 0-1

[Event "ICS rated blitz match"]
[Site "204.178.125.65"]
[Date "2000.02.01"]
[Round "?"]
[White "Hossa"]
[Black "Candu"]
[Result "1-0"]
[WhiteElo "2231"]
[BlackElo "2033"]
[PlyCount "71"]

1. e4 c5 2. Nf3 d6 3. d4 cxd4 4. Nxd4 Nf6 5. Nc3 a6 6. Rg1 e5 7. Nf3 b5 8. Bg5
Be7 9. Bxf6 Bxf6 10. Qd2 Be6 11. O-O-O Be7 12. Nd5 Bxd5 13. Qxd5 Nd7 14. Qb7
Qc8 15. Qxc8+ Rxc8 16. Bd3 Nb6 17. Rd2 O-O 18. Re1 Rc7 19. a3 Na4 20. c3 Nc5
21. Bc2 Nd7 22. Red1 Nf6 23. h4 h5 24. g3 Ng4 25. Bb3 Kh7 26. Bd5 Nf6 27. Ne1
Nxd5 28. Rxd5 f5 29. exf5 Rxf5 30. R1d2 g5 31. hxg5 Bxg5 32. f4 Be7 33. Nd3 Kg6
34. fxe5 dxe5 35. Nxe5+ Kh7 36. Kc2 1-0

[Event "ICS Rated standard match"]
[Site "204.178.125.65"]
[Date "2000.02.01"]
[Round "?"]
[White "Hossa"]
[Black "Cole-Hann"]
[Result "1-0"]
[WhiteElo "2167"]
[BlackElo "2068"]
[PlyCount "48"]

1. e4 c6 2. d4 d5 3. exd5 cxd5 4. c4 Nf6 5. Nc3 e6 6. Nf3 Be7 7. cxd5 Nxd5 8.
Bd3 Nc6 9. O-O O-O 10. a3 Nxc3 11. bxc3 Qa5 12. Qc2 Qh5 13. Rb1 Rd8 14. Rb5 Rd5
15. c4 Rxb5 16. cxb5 Nd8 17. Qc7 Bf6 18. Bf4 Qd5 19. Bd6 Kh8 20. Bc4 Qf5 21.
Be7 Nc6 22. bxc6 Bxe7 23. Qxe7 h6 24. cxb7 Bxb7 1-0

[Event "ICS rated standard match"]
[Site "204.178.125.65"]
[Date "2000.02.01"]
[Round "?"]
[White "Tinker"]
[Black "Hossa"]
[Result "0-1"]
[WhiteElo "2224"]
[BlackElo "2179"]
[PlyCount "98"]

1. e4 e5 2. Nf3 Nc6 3. Bb5 Nf6 4. O-O Bc5 5. Bxc6 dxc6 6. Nxe5 Nxe4 7. Qe2 Qd5
8. Ng6 hxg6 9. Nc3 Qd6 10. g3 Bh3 11. Nxe4 Qe5 12. Re1 O-O-O 13. d4 Bxd4 14. c3
Bb6 15. Bf4 Qd5 16. c4 Qf5 17. Ng5 Ba5 18. Qe5 f6 19. Qxf5+ Bxf5 20. Nf7 Rhe8
21. Nxd8 Bxe1 22. a3 Re2 23. Be3 Kxd8 24. Rd1+ Ke7 25. Kf1 Rxb2 26. Kxe1 b6 27.
Rc1 Kd7 28. Rc3 g5 29. Bc1 Ra2 30. Kf1 g4 31. Ke1 c5 32. Be3 a6 33. Bd2 Ra1+
34. Bc1 Kc6 35. Kd2 b5 36. cxb5+ axb5 37. Rb3 c4 38. Re3 Kd7 39. Re1 Ra2+ 40.
Ke3 Bd3 41. Rd1 Re2+ 42. Kd4 Rxf2 43. Rd2 Rf1 44. Bb2 Kd6 45. Kc3 c5 46. Rg2
Rf3 47. Kd2 b4 48. Kc1 c3 49. Bxc3 bxc3 0-1

[Event "ICS rated standard match"]
[Site "204.178.125.65"]
[Date "2000.02.01"]
[Round "?"]
[White "Hossa"]
[Black "serialchess"]
[Result "0-1"]
[WhiteElo "2197"]
[BlackElo "2197"]
[PlyCount "168"]

1. e4 Nf6 2. Nc3 d5 3. exd5 Nxd5 4. Nxd5 Qxd5 5. Ne2 c5 6. Nc3 Qe5+ 7. Qe2
Qxe2+ 8. Bxe2 Nc6 9. Nd5 Rb8 10. O-O e6 11. Nc7+ Kd7 12. Nb5 a6 13. Nc3 b6 14.
d3 Nd4 15. Bd1 Bb7 16. Ne4 Nc6 17. Re1 Be7 18. Ng5 Rbf8 19. c3 h6 20. Ne4 Rd8
21. a3 g6 22. b4 f5 23. Nd2 Bf6 24. bxc5 Bxc3 25. Rb1 b5 26. Rb3 Ba5 27. Re3
Nd4 28. Rb1 Bd5 29. Nf3 Bxf3 30. Bxf3 Nxf3+ 31. Rxf3 Bc3 32. Rb3 Bf6 33. Rg3 g5
34. Bb2 Bxb2 35. Rxb2 f4 36. Rh3 Kc7 37. g4 e5 38. Rb3 Kc6 39. Rh5 Kxc5 40.
Rc3+ Kd5 41. Rc7 Rd6 42. h4 gxh4 43. Rxh4 Kd4 44. Rc1 Rg6 45. Kg2 Re8 46. Rch1
Ree6 47. Rc1 Rg7 48. Kf3 Kxd3 49. Re1 Rg5 50. Rc1 Reg6 51. Re1 a5 52. Rb1 Kc4
53. Ke4 Rd6 54. Ra1 Kb3 55. Rh3+ Ka4 56. Rhh1 Rd4+ 57. Kf3 Rd3+ 58. Ke4 Rxa3
59. Rxa3+ Kxa3 60. f3 a4 61. Kd5 Kb3 62. Rxh6 a3 63. Rh1 b4 64. Rb1+ Kc3 65.
Rc1+ Kb2 66. Rd1 b3 67. Rh1 a2 68. Kc4 Rg8 69. g5 Rxg5 70. Rh2+ Ka3 71. Rh6 Rg3
72. Rh7 Rxf3 73. Ra7+ Kb2 74. Ra5 Rc3+ 75. Kd5 a1=Q 76. Rxa1 Kxa1 77. Ke6 b2
78. Kf6 b1=Q 79. Ke6 Rc6+ 80. Kxe5 Rc5+ 81. Kxf4 Qb4+ 82. Ke3 Rc3+ 83. Kf2 Qb2+
84. Kg1 Rc1# 0-1

[Event "ICS rated blitz match"]
[Site "204.178.125.65"]
[Date "2000.02.01"]
[Round "?"]
[White "Hossa"]
[Black "MissSilicon"]
[Result "1-0"]
[WhiteElo "2237"]
[BlackElo "2461"]
[PlyCount "39"]

1. e4 e5 2. Nf3 Nf6 3. Nxe5 d6 4. Nf3 Nxe4 5. d4 d5 6. Bd3 Be7 7. O-O Nc6 8. c4
O-O 9. cxd5 Qxd5 10. Re1 Bf5 11. Bxe4 Bxe4 12. Nc3 Bxf3 13. Nxd5 Bxd1 14. Bf4
Bd6 15. Bxd6 cxd6 16. Raxd1 Rfe8 17. Re3 Rac8 18. Rb3 Nd8 19. Re3 Kh8 20. Rxe8#
1-0

[Event "ICS Rated blitz match"]
[Site "204.178.125.65"]
[Date "2000.02.01"]
[Round "?"]
[White "Amateur"]
[Black "Hossa"]
[Result "1-0"]
[WhiteElo "2445"]
[BlackElo "2262"]
[PlyCount "117"]

1. Nf3 Nf6 2. d4 e6 3. Bf4 Be7 4. e3 Nh5 5. Bd3 Nxf4 6. exf4 O-O 7. O-O d5 8.
Nbd2 Bd6 9. Ne5 Qh4 10. g3 Qh3 11. Re1 Nd7 12. Bf1 Qh6 13. Bg2 c5 14. Nxd7 Bxd7
15. Ne4 Be7 16. Nxc5 Bxc5 17. dxc5 Bb5 18. f5 Qf6 19. Qf3 Rac8 20. fxe6 fxe6
21. Qxf6 Rxf6 22. b4 b6 23. cxb6 axb6 24. a4 Bd7 25. Ra2 Rcf8 26. f4 g5 27.
fxg5 Rg6 28. h4 Ra8 29. c4 Rxa4 30. Rxa4 Bxa4 31. cxd5 Bb3 32. h5 Rxg5 33. dxe6
Ba4 34. Ra1 Bb5 35. h6 Rf5 36. Be4 Rf8 37. Ra7 Rf1+ 38. Kg2 Kf8 39. Rxh7 Rf6
40. Rh8+ Ke7 41. h7 Rh6 42. Rg8 Rxh7 43. Bxh7 Bc6+ 44. Kf2 Kxe6 45. Rb8 b5 46.
Bd3 Ke5 47. Bxb5 Bd5 48. Be2 Bb3 49. b5 Kd6 50. b6 Bd5 51. Rd8+ Kc6 52. Rxd5
Kxd5 53. b7 Ke6 54. b8=Q Kf7 55. Qd6 Kg7 56. Qe7+ Kg6 57. Bd3+ Kh6 58. Qh7+ Kg5
59. Qh4# 1-0

[Event "ICS Rated blitz match"]
[Site "204.178.125.65"]
[Date "2000.02.01"]
[Round "?"]
[White "Hossa"]
[Black "MissSilicon"]
[Result "1/2-1/2"]
[WhiteElo "2254"]
[BlackElo "2425"]
[PlyCount "126"]

1. Nf3 Nf6 2. d4 d5 3. Bf4 Nc6 4. e3 Bg4 5. h3 Bxf3 6. Qxf3 e6 7. Bb5 Bb4+ 8.
c3 Bd6 9. Bg5 O-O 10. O-O h6 11. Bh4 Be7 12. Nd2 Re8 13. c4 Qd6 14. Rfc1 a6 15.
cxd5 exd5 16. Bd3 Qd8 17. Bxf6 Bxf6 18. Nb3 Nb4 19. Bf5 g6 20. a3 Nc6 21. Bd7
Qxd7 22. Qxf6 Qc8 23. Nc5 Na5 24. Qf4 Kg7 25. Nd3 Re7 26. Nb4 Qd8 27. Rc2 Nb3
28. Rd1 a5 29. Nd3 f6 30. h4 c6 31. h5 g5 32. Qf5 Qe8 33. Qf3 Qd7 34. a4 Ra6
35. Re1 Ra8 36. Qd1 b5 37. axb5 cxb5 38. Nc5 Nxc5 39. dxc5 Qc6 40. Qd3 Kh8 41.
Rd1 Rd8 42. Rcc1 a4 43. Rc2 b4 44. Rcc1 b3 45. Rc3 Re4 46. Qxe4 dxe4 47. Rxd8+
Kg7 48. Rc1 f5 49. Rd6 Qa8 50. c6 a3 51. Rg6+ Kf7 52. bxa3 b2 53. Rf1 Qa6 54.
Re1 Qb5 55. Kh2 Qb8+ 56. g3 b1=Q 57. c7 Q8b2 58. Rxb1 Qxf2+ 59. Kh1 Qf3+ 60.
Kh2 Qe2+ 61. Kh1 Qf3+ 62. Kh2 Qe2+ 63. Kh1 Qf3+ 1/2-1/2

[Event "ICS rated blitz match"]
[Site "204.178.125.65"]
[Date "2000.02.01"]
[Round "?"]
[White "Enfatico"]
[Black "Hossa"]
[Result "0-1"]
[WhiteElo "2002"]
[BlackElo "2261"]
[PlyCount "66"]

1. e4 e5 2. Nf3 Nc6 3. Bb5 Nf6 4. Bxc6 dxc6 5. d3 Bd6 6. Bg5 O-O 7. Nbd2 Bg4 8.
h3 Bd7 9. O-O Re8 10. Nc4 h6 11. Bxf6 Qxf6 12. Nxd6 cxd6 13. Re1 Rad8 14. d4 b6
15. c3 exd4 16. Qxd4 Qg6 17. Kh2 Qh5 18. Re3 d5 19. e5 c5 20. Qf4 Bc6 21. Qg4
Qxg4 22. hxg4 d4 23. cxd4 cxd4 24. Rd3 Bxf3 25. gxf3 Rxe5 26. Rad1 Red5 27. Kg3
f5 28. gxf5 Kf7 29. Rc1 Rxf5 30. Rc7+ Kf6 31. Rxa7 Rg5+ 32. Kf4 Rg1 33. Ra4 Re8
0-1

[Event "ICS rated blitz match"]
[Site "204.178.125.65"]
[Date "2000.02.01"]
[Round "?"]
[White "Hossa"]
[Black "michiguel"]
[Result "1-0"]
[WhiteElo "2267"]
[BlackElo "2125"]
[PlyCount "95"]

1. Nf3 d5 2. e3 Nf6 3. c4 c6 4. d4 Bf5 5. cxd5 cxd5 6. Nc3 Nc6 7. Bd3 Bxd3 8.
Qxd3 e6 9. O-O Be7 10. Ne5 Nxe5 11. dxe5 Nd7 12. e4 Nxe5 13. Qb5+ Qd7 14. exd5
O-O 15. dxe6 Qxe6 16. Qxb7 Bc5 17. Rd1 Rad8 18. Rxd8 Rxd8 19. Bg5 f6 20. Bh4
Rd2 21. b3 Bd4 22. Ne4 Rxf2 23. Qa8+ Kf7 24. Bxf2 Bxa1 25. Qxa7+ Kg6 26. Ng3
Ng4 27. h3 Nxf2 28. Qxf2 Qe5 29. Kf1 Bd4 30. Qc2+ f5 31. Ne2 Be3 32. g4 h6 33.
Ng3 Qa1+ 34. Ke2 Qe5 35. Qxf5+ Qxf5 36. gxf5+ Kf6 37. Kxe3 Ke5 38. a4 Kd6 39.
Kd4 Kc6 40. Nh5 Kb6 41. Nxg7 Kc6 42. f6 Kd7 43. Kd5 Kd8 44. Kc6 Kc8 45. f7 Kb8
46. f8=Q+ Ka7 47. Qc8 h5 48. Qb7# 1-0

[Event "ICS rated blitz match"]
[Site "204.178.125.65"]
[Date "2000.02.01"]
[Round "?"]
[White "MissSilicon"]
[Black "Hossa"]
[Result "1/2-1/2"]
[WhiteElo "2420"]
[BlackElo "2277"]
[PlyCount "250"]

1. Nf3 d5 2. c4 e6 3. g3 Nf6 4. Bg2 Be7 5. O-O O-O 6. b3 c5 7. cxd5 exd5 8. d4
Ne4 9. dxc5 Bxc5 10. Bb2 Bg4 11. Ne5 Bf5 12. Nc3 Qb6 13. Bxe4 dxe4 14. Qd5 Na6
15. Nc4 Qg6 16. Rfd1 Rab8 17. e3 Bb4 18. Ne5 Qh5 19. Nxe4 Qe2 20. Nc4 Bxe4 21.
Qxe4 Nc5 22. Qe5 Ne6 23. Qb5 Bc5 24. Rd2 Qh5 25. b4 a6 26. Qa5 Qg4 27. Rc1 Be7
28. Rd7 Rfe8 29. Ne5 Qe2 30. Bc3 Rbc8 31. Kg2 Bf6 32. Rd2 Qb5 33. Qxb5 axb5 34.
f4 Bxe5 35. fxe5 Ng5 36. Bb2 Rc4 37. a3 Rec8 38. Rcd1 Rc2 39. Kh1 Kf8 40. e6
Nxe6 41. h4 h5 42. Kg2 Ke7 43. Kf3 Ke8 44. e4 Ke7 45. Ke3 Ke8 46. Be5 Rxd2 47.
Rxd2 Ra8 48. Rd3 Ke7 49. Bb2 Rc8 50. Rd5 Rc2 51. Be5 Ra2 52. Rxb5 Rxa3+ 53. Kf2
Ra2+ 54. Ke3 Ra3+ 55. Kd2 Nd8 56. Bxg7 Rxg3 57. Bh6 Rb3 58. Kc2 Rh3 59. Rxh5
Nc6 60. Bd2 Nd4+ 61. Kb2 Nf3 62. Bf4 Kf6 63. Rb5 Rxh4 64. Rf5+ Ke6 65. Bg3 Rxe4
66. Rxf3 Rxb4+ 67. Kc1 f5 68. Be1 Rc4+ 69. Kb2 f4 70. Bd2 Kf5 71. Rb3 Rd4 72.
Kc3 Ke4 73. Rxb7 Rd5 74. Rb4+ Kf3 75. Rxf4+ Ke2 76. Re4+ Kf3 77. Re7 Rc5+ 78.
Kd4 Rf5 79. Re3+ Kf4 80. Re5+ Kg4 81. Re4+ Kf3 82. Re6 Rb5 83. Re3+ Kg2 84. Re7
Kf3 85. Rf7+ Kg3 86. Ke4 Rc5 87. Be3 Rc4+ 88. Bd4 Kg4 89. Rg7+ Kh4 90. Re7 Kg5
91. Ke5 Kg6 92. Kd5 Rc2 93. Re5 Rd2 94. Ke4 Re2+ 95. Be3 Kf6 96. Kd5 Rc2 97.
Bd4 Rc7 98. Kd6 Rc4 99. Rd5+ Kg6 100. Ke5 Kg5 101. Bf2 Kg6 102. Be3 Rg4 103.
Rd6+ Kg7 104. Kf5 Rg3 105. Bf4 Rf3 106. Rd4 Rf2 107. Re4 Kf7 108. Re5 Rf1 109.
Rd5 Ke7 110. Rd4 Rf2 111. Rd3 Rf1 112. Re3+ Kf7 113. Rc3 Re1 114. Rd3 Ke7 115.
Bg5+ Ke8 116. Kg6 Re6+ 117. Bf6 Kf8 118. Rd8+ Re8 119. Rd2 Re6 120. Kf5 Re3
121. Bd4 Re1 122. Bf2 Rf1 123. Ke5 Kg7 124. Be3 Re1 125. Rd7+ Kg6 1/2-1/2

[Event "ICS rated blitz match"]
[Site "204.178.125.65"]
[Date "2000.02.01"]
[Round "?"]
[White "Hossa"]
[Black "MissSilicon"]
[Result "0-1"]
[WhiteElo "2283"]
[BlackElo "2414"]
[PlyCount "88"]

1. e4 e5 2. Nf3 Nc6 3. Bb5 Bc5 4. O-O d6 5. d4 exd4 6. Nxd4 Nge7 7. Bg5 Bxd4 8.
Bxc6+ bxc6 9. Qxd4 O-O 10. Nc3 Be6 11. Rad1 f6 12. Be3 Rb8 13. b3 c5 14. Qa4
Bd7 15. Qa6 Rf7 16. Rfe1 Qc8 17. Qe2 Nc6 18. Rd2 f5 19. Bg5 h6 20. Bf4 g5 21.
exf5 gxf4 22. Qg4+ Rg7 23. Qxf4 Bxf5 24. Qxh6 Nd4 25. Re3 Nxc2 26. Ree2 Nd4 27.
Re3 Qf8 28. Kh1 Re8 29. Nd5 Be4 30. Nf4 Nf5 31. Qh5 Bxg2+ 32. Nxg2 Nxe3 33.
Nxe3 Rxe3 34. Qd5+ Kh8 35. Re2 Rxe2 36. Qh5+ Kg8 37. Qxe2 Qf5 38. Qd1 Qh3 39.
Qd5+ Kf8 40. Qa8+ Ke7 41. Qe4+ Kd8 42. Qh4+ Qxh4 43. a3 Qe4+ 44. f3 Qxf3# 0-1

[Event "ICS rated blitz match"]
[Site "204.178.125.65"]
[Date "2000.02.01"]
[Round "?"]
[White "Zippy"]
[Black "Hossa"]
[Result "0-1"]
[WhiteElo "2276"]
[BlackElo "2273"]
[PlyCount "136"]

1. Nf3 Nf6 2. c4 e6 3. Nc3 c5 4. g3 d5 5. cxd5 exd5 6. d4 cxd4 7. Nxd4 Be7 8.
Bf4 O-O 9. e3 Nc6 10. Rc1 Re8 11. Bb5 Bd7 12. O-O Rc8 13. Nf3 Bh3 14. Re1 Qb6
15. Ng5 Bd7 16. a4 Be6 17. Qd2 Bb4 18. Bd3 Bg4 19. f3 Bd7 20. Bxh7+ Nxh7 21.
Nxh7 Kxh7 22. Qd3+ Kg8 23. Nxd5 Qd8 24. Red1 Ba5 25. b4 Nxb4 26. Rxc8 Qxc8 27.
Nxb4 Bxa4 28. Ra1 b5 29. Nd5 a6 30. e4 Bd8 31. Ra2 Qh3 32. Be3 Qh5 33. Bd4 a5
34. Ra1 Qh3 35. Nc3 Qd7 36. Nxa4 bxa4 37. Qc4 a3 38. Rxa3 Qh3 39. Qb5 Re7 40.
Rxa5 Rd7 41. Ra8 Kh7 42. Qb4 Be7 43. Qc3 Bg5 44. Qd3 Rc7 45. Bc3 Rd7 46. Qe2
Be7 47. e5 Bc5+ 48. Kh1 Bb6 49. Ra6 Bc5 50. Rc6 Be7 51. e6 fxe6 52. Rxe6 Kg8
53. Re4 g5 54. Qc4+ Kf8 55. Qc8+ Bd8 56. Re1 Kf7 57. Qc4+ Kf8 58. Qc6 Kf7 59.
g4 Kf8 60. Bb4+ Re7 61. Qf6+ Kg8 62. Qxg5+ Kf7 63. Rxe7+ Bxe7 64. Qd5+ Ke8 65.
Qc6+ Kf7 66. Qc4+ Kg7 67. Qd4+ Kf7 68. Qe4 Qf1# 0-1

[Event "ICS rated blitz match"]
[Site "204.178.125.65"]
[Date "2000.02.01"]
[Round "?"]
[White "Hossa"]
[Black "Zippy"]
[Result "0-1"]
[WhiteElo "2289"]
[BlackElo "2260"]
[PlyCount "168"]

1. e4 c6 2. d4 d5 3. exd5 cxd5 4. c4 Nf6 5. Nc3 e6 6. Nf3 Bb4 7. Bd3 dxc4 8.
Bxc4 O-O 9. O-O Nc6 10. Bg5 h6 11. Be3 Ne7 12. Qb3 Bd6 13. Rac1 b6 14. Nb5 Bb8
15. Qc2 a6 16. Nc3 Bb7 17. Ne5 Nf5 18. Qd2 Nd5 19. Bxd5 Bxd5 20. f4 Bb7 21. Bf2
Bd6 22. Qe2 Rc8 23. g4 Ne7 24. Rfe1 Nd5 25. Nxd5 Bxd5 26. a3 Rxc1 27. Rxc1 g5
28. fxg5 Qxg5 29. Be3 Qh4 30. Nd7 Rd8 31. Nxb6 Bb7 32. Nc4 Bb8 33. Ne5 Rd5 34.
Qf2 Qxf2+ 35. Kxf2 a5 36. a4 Kg7 37. h3 f6 38. Nc6 Bh2 39. h4 h5 40. Kg2 Bc7
41. gxh5 Rxh5 42. Kh3 Kf7 43. Bd2 Ke8 44. b4 axb4 45. Nxb4 Bd6 46. Kg4 Rh7 47.
Nc2 Rg7+ 48. Bg5 fxg5 49. hxg5 Be7 50. Kh3 Rxg5 51. Ne3 Ra5 52. Ra1 Bc6 53. Rc1
Bd7 54. Kg3 Bf6 55. Rd1 Bxa4 56. Rd3 Bb5 57. Rd1 Ra3 58. Kf4 Bd3 59. d5 e5+ 60.
Kf3 Bg5 61. Kf2 Ra2+ 62. Kg3 Be2 63. Rf1 Bxe3 64. Rf6 Kd7 65. Kh3 Rd2 66. Rf8
Rxd5 67. Rf7+ Ke6 68. Rf8 Rd3 69. Kg2 e4 70. Re8+ Kd5 71. Rc8 Bd4 72. Rd8+ Ke5
73. Rf8 Rf3 74. Rh8 Bf1+ 75. Kh2 Rh3+ 76. Rxh3 Bxh3 77. Kg3 Bf1 78. Kg4 e3 79.
Kg5 e2 80. Kg6 e1=Q 81. Kg7 Kd6+ 82. Kg6 Qg3+ 83. Kh6 Be2 84. Kh7 Qg7# 0-1

[Event "ICS rated blitz match"]
[Site "204.178.125.65"]
[Date "2000.02.01"]
[Round "?"]
[White "Hossa"]
[Black "StrongBach"]
[Result "1-0"]
[WhiteElo "2272"]
[BlackElo "1805"]
[PlyCount "119"]

1. c4 d5 2. cxd5 Qxd5 3. Nc3 Qh5 4. d4 Nc6 5. Bf4 e5 6. dxe5 Nxe5 7. Qd5 Bd6 8.
g4 Bxg4 9. Qxb7 Rd8 10. Qxa7 g5 11. Bd2 Nf6 12. Nb5 Nd5 13. Qb7 Be6 14. Ba5 O-O
15. Nxd6 Rxd6 16. Bxc7 Nxc7 17. Qxc7 Rfd8 18. Qc2 Ng4 19. Nf3 Qh6 20. Rg1 Rd5
21. h3 Rc8 22. Qe4 Nf6 23. Qf4 Rcc5 24. Nxg5 Bg4 25. Rxg4 Nxg4 26. Qxf7+ Kh8
27. Qxd5 Rxd5 28. Nf7+ Kg7 29. Nxh6 Nxh6 30. Rd1 Ra5 31. a3 Nf7 32. Bg2 Rc5 33.
Kd2 Rf5 34. Rf1 Ne5 35. b3 Rf6 36. Kc3 Rg6 37. Bd5 Rf6 38. f4 Ng6 39. f5 Kh6
40. e4 Nh4 41. Kd4 Kh5 42. Bc4 Kg5 43. Ke5 Rb6 44. a4 Rc6 45. Rg1+ Kh6 46. Kf4
Kh5 47. Rg5+ Kh6 48. Rg4 Kh5 49. Bf7+ Ng6+ 50. fxg6 hxg6 51. Rxg6 Rxg6 52.
Bxg6+ Kxg6 53. a5 Kh5 54. a6 Kg6 55. a7 Kf7 56. e5 Kf8 57. a8=Q+ Ke7 58. Qb7+
Ke6 59. Qc7 Kd5 60. Qd6# 1-0

[Event "ICS rated standard match"]
[Site "204.178.125.65"]
[Date "2000.02.01"]
[Round "?"]
[White "JudgeTurpin"]
[Black "Hossa"]
[Result "1/2-1/2"]
[WhiteElo "2346"]
[BlackElo "2181"]
[PlyCount "97"]

1. e4 c6 2. d4 d5 3. Nc3 dxe4 4. Nxe4 Nd7 5. Nf3 Ngf6 6. Nxf6+ Nxf6 7. Bc4 Bf5
8. O-O e6 9. c3 Bd6 10. Re1 Qc7 11. Ne5 O-O 12. Bf4 Rad8 13. Qe2 c5 14. Rad1
cxd4 15. Rxd4 Ng4 16. a4 Nxe5 17. Bxe5 Bxe5 18. Qxe5 Qxe5 19. Rxe5 Rxd4 20.
cxd4 b6 21. h3 Rc8 22. b3 Rd8 23. d5 exd5 24. Bxd5 Bg6 25. a5 bxa5 26. Bf3 Bc2
27. Rxa5 Bxb3 28. Rxa7 g5 29. Kh2 Rd2 30. Kg3 f5 31. h4 f4+ 32. Kg4 gxh4 33.
Kxh4 Rxf2 34. Kg5 Bf7 35. Kf6 Ra2 36. Rxf7 Ra6+ 37. Ke7 Ra7+ 38. Ke8 Rxf7 39.
Bd5 Kg7 40. Bxf7 Kf6 41. Bg8 f3 42. gxf3 h5 43. Bc4 Ke5 44. Bf1 Kf4 45. Bg2 Kg3
46. Bf1 Kxf3 47. Kf7 Kg3 48. Kg6 Kh2 49. Kxh5 1/2-1/2

[Event "ICS rated blitz match"]
[Site "204.178.125.65"]
[Date "2000.02.01"]
[Round "?"]
[White "JenMan"]
[Black "Hossa"]
[Result "0-1"]
[WhiteElo "2023"]
[BlackElo "2274"]
[PlyCount "34"]

1. d4 Nf6 2. Bg5 Ne4 3. Bf4 d5 4. Nd2 g5 5. Nxe4 gxf4 6. Nd2 Bf5 7. Ngf3 Nd7 8.
e3 fxe3 9. fxe3 Bh6 10. Kf2 c5 11. Bd3 Bg6 12. Rf1 Qb6 13. b3 cxd4 14. Nxd4 e5
15. Bxg6 hxg6 16. Qf3 exd4 17. Kg1 O-O-O 0-1

[Event "ICS rated blitz match"]
[Site "204.178.125.65"]
[Date "2000.02.01"]
[Round "?"]
[White "Hossa"]
[Black "YuSuf-povV"]
[Result "1-0"]
[WhiteElo "2280"]
[BlackElo "2155"]
[PlyCount "22"]

1. e4 e6 2. d4 d5 3. Nc3 Bb4 4. a3 Bxc3+ 5. bxc3 dxe4 6. Qg4 Qf6 7. Qxe4 Ne7 8.
Bd3 Nbc6 9. Nf3 b6 10. Bg5 Qg6 11. Bxe7 Nxe7 1-0

[Event "ICS rated standard match"]
[Site "204.178.125.65"]
[Date "2000.02.01"]
[Round "?"]
[White "Hossa"]
[Black "Talmoves"]
[Result "1-0"]
[WhiteElo "2188"]
[BlackElo "2454"]
[PlyCount "105"]

1. e4 c5 2. Nf3 d6 3. d4 cxd4 4. Nxd4 Nf6 5. Nc3 a6 6. Rg1 e5 7. Nf3 Qa5 8. Bd3
Be6 9. Bd2 Qb6 10. Ng5 Nc6 11. b3 Be7 12. Nxe6 fxe6 13. Rf1 Nb4 14. Na4 Nxd3+
15. cxd3 Qd4 16. Be3 Qb4+ 17. Bd2 Qb5 18. Qf3 Rc8 19. Qh3 Rc2 20. Rc1 Rxc1+ 21.
Bxc1 Qc6 22. Bd2 b5 23. Nc3 b4 24. Ne2 d5 25. f4 Qd6 26. Qg3 Nh5 27. Qg4 Nf6
28. Qg5 Nxe4 29. Qxg7 Bf6 30. Qh6 Nxd2 31. fxe5 Bxe5 32. Kxd2 d4 33. g3 Ke7 34.
Qh4+ Ke8 35. Qh5+ Kd8 36. Rf7 h6 37. Ra7 Kc8 38. Ra8+ Kb7 39. Rxh8 Bxh8 40.
Qxh6 Be5 41. h4 Qe7 42. g4 Ka7 43. g5 Qf7 44. g6 Qf2 45. Qg5 Bf6 46. Qf4 Qe3+
47. Qxe3 dxe3+ 48. Kxe3 Kb7 49. Nf4 Kc6 50. Nxe6 Kd6 51. g7 Bxg7 52. Nxg7 Ke5
53. d4+ 1-0